| 000 -LEADER |
| fixed length control field |
00818nam a22001217a 4500 |
| 040 ## - CATALOGING SOURCE |
| Transcribing agency |
RUA |
| 082 ## - DEWEY DECIMAL CLASSIFICATION NUMBER |
| Classification number |
AVM DO 2011 B472 Or.1 |
| 100 ## - MAIN ENTRY--AUTHOR NAME |
| Personal name |
DO DEN; ដួ ដែន |
| 245 ## - TITLE STATEMENT |
| Title |
Study on growth rate of cp-avianby using cp feed and concentrate of broken rice and soybean at agriculture, ការសិក្សាលើការលូតលាស់របស់មាន់ពូជ CP-AVIAN ដោយប្រើប្រាស់ចំណីផ្សំក្រុមហ៊ុន CP និងចំណីផ្សំមានចុងអង្ករ សណ្ដែកសៀង នៅសាកលវិទ្យាល័យភូមិន្ទកសិកម្ម |
| 300 ## - PHYSICAL DESCRIPTION |
| Number of Pages |
ix,36p. |
| Other physical details |
ill. |
| Dimensions |
29cm. |
| 856 ## - ELECTRONIC LOCATION AND ACCESS |
| Uniform Resource Identifier |
https://drive.google.com/file/d/1YSGTleFT2BHYzV5i4wlLpeGSezdHMaVa/view?usp=sharing |
| 942 ## - ADDED ENTRY ELEMENTS (KOHA) |
| Koha item type |
AVM |
| 952 ## - LOCATION AND ITEM INFORMATION (KOHA) |
| Withdrawn status [LOCAL, KOHA] |
0 |